000 00475nmm a2200157Ia 4500
008 251105s9999||||xx |||||||||||||||||und||
020 _a9788495839107
041 _aspa
100 _aSuzuki, Seijun [et al.]
245 0 _aEl desierto bajo los cerezos en flor :
_b El cine de Seijun Suzuki
264 _a[Madrid, España] :
_bOcho y Medio,
_c2001
300 _a80 páginas
650 _aFilm studies
856 _uhttps://public.digitaliapublishing.com/a/338
942 _cCF
999 _c89633
_d89633